000
00290nam a22001337a 4500
020
_a
0-7460-0974-7
082
_a
001
_b
HED/S
100
_a
HEDDLE, REBECCA
245
_a
SCIENCE IN THE KITCHEN
260
_a
LONDON
_b
USBORNE PUBLISHING LTD
300
_a
24RDGFZ
650
_a
GK
942
_c
BK
999
_c
6332
_d
6332